000 02220nam0a2200361 4500
001 RU\NLR\BIBL_A\012427021
005 20221014175122.0
010 _a978-5-907052-91-8
_975
021 _aRU
_bКН-П-20-052955
_9КН-П-20-3960
035 _a(NLR Aleph) 012427021
035 _a(RuMoRGB)010420836
090 _a11855514
_c11855514
100 _a20201224d2020 u y0rusy50 ca
101 0 _arus
102 _aRU
105 _a |||j|||000zy
181 0 _ai
_baxxe
182 0 _an
200 1 _aТехнология сборки оптических приборов. Сборка и юстировка оптических узлов
_eкурс лекций для обучающихся по направлению подготовки 12.03.01 Приборостроение (уровень бакалавриата)
_fЕ. Ю. Кутенкова, П. В. Петров
_gМинистерство науки и высшего образования Российской Федерации, Федеральное государственное бюджетное образовательное учреждение высшего образования "Сибирский государственный университет геосистем и технологий" (СГУГиТ)
203 _aТекст
_bвизуальный
_cнепосредственный
210 _aНовосибирск
_cСГУГиТ
_d2020
215 _a107 с.
_cил., табл.
_d21
320 _aБиблиогр.: с. 72-73 (17 назв.)
517 1 _aСборка и юстировка оптических узлов
606 _aОптические приборы
_xСборка
_jУчебные издания для высших учебных заведений
_2nlr_sh1
_2nlr_sh2
_3RU\NLR\AUTH\661260491
686 1 _aК960.420.8я73-2
700 1 _aКутенкова
_bЕ.Ю.
_gЕлена Юрьевна
701 1 _aПетров
_bП.В.
_cканд. техн. наук, приборостроение
_gПавел Вадимович
_3RU\NLR\AUTH\770133311
942 _cBOOK
980 _aNBR
980 _aNB